| 000 | 00572nam a2200169 a 4500 | ||
|---|---|---|---|
| 005 | 20140412111411.0 | ||
| 008 | 070221s19uu xx 00 eng d | ||
| 020 | _a0-698-11652-1 | ||
| 050 |
_aTR(PS E _bDr78 1992 |
||
| 100 | _aCarle, Eric | ||
| 245 |
_aDraw me a star / _cEric carle. |
||
| 260 |
_aNew york : _bPenguin putnam, _c1992. |
||
| 520 | _aAn artist's drawing of a star begins the creation on entire universe around hi as each successive pictured object request that he draw more. | ||
| 650 | _aArtist-fiction | ||
| 650 | _aDrawing-fiction | ||
| 999 |
_c105700 _d105700 |
||